| 000 | 03153cam a22003854i 4500 | ||
|---|---|---|---|
| 003 | PE-LiUPU | ||
| 005 | 20250731173035.0 | ||
| 008 | 171211s1963 ag a r 000 0 spa d | ||
| 035 | _a(Sirsi) a240384 | ||
| 040 |
_aPE-LiUPU _bspa _cPE-LiUPU _dPE-LiUPU _erda |
||
| 049 | _aPRUA | ||
| 082 | 0 | 4 |
_a286.7092 _bA837h _220 |
| 110 | 1 |
_aAsociación General de la Iglesia Adventista, _eautor. |
|
| 245 | 1 | 3 |
_aLa Historia de Nuestra Iglesia / _cAsociación General de la Iglesia Adventista. |
| 250 | _aPrimera edición. | ||
| 264 | 1 |
_aArgentina : _bAsociación casa editora sudamericana, _c1963. |
|
| 300 |
_a454 páginas : _bilustraciones ; _c22 centimetros |
||
| 505 | 0 | _aNuestra iglesia actual -- La iglesia -- Servimos al mundo -- El mensaje que proclamamos -- La manera como trabajamos -- La iglesia local -- Actividades de la iglesia -- La asociación local -- Los métodos que utilizamos -- Como un ejército poderoso -- trabajando juntos -- El drama de los siglos -- La iglesia del antiguo testamento -- La iglesia del nuevo testamento -- La iglesia en tinieblas -- Brilla una luz -- Preludios de la reforma -- La reforma protestante -- La iglesia de américa -- Misioneros protestantes -- Los mensajes de los tres ángeles -- El mensaje del primer ángel -- Guillermo Miller -- Otros predicadores adventistas en América -- El mensaje del primer ángel en Europa -- El mensaje del primer ángel en otros países -- El mensaje del segundo ángel -- El chasco de 1844 -- Empieza el mensaje del tercer ángel -- El don de Dios a su pueblo -- Elena G. de White -- José Bates -- Jaime White -- La Iglesia Adventista del Séptimo Día -- Se organiza la iglesia -- Se establecen sólidos reglamentos de orden económico -- Los congresos de entonces y los de ahora -- Lobos vestidos de ovejas -- El congreso general de 1888 -- El congreso general de 1901 -- El traslado a Washington -- El evangelio a todo el mundo -- El llamado de Europa -- Un llamado del África -- En la lejana Australia -- Las Islas de los Mares del Sur -- El mensaje en Sudamérica -- Entrando en el Oriente -- El Asia Meridional - Interamericana -- El Medio Oriente -- Progresos en Europa -- Desarrollo de la organización -- La obra de publicaciones -- La iglesia en estudio -- La preparación de los mensajeros -- Las publicaciones White, la asociación ministerial y el seminario -- La obrera pro salud -- El colegio de médicos evangelistas (nuestra universidad de Loma Linda) -- Libertad religiosa -- Los misioneros voluntarios -- La obra de temperancia -- Los laicos -- Ayuda material -- Radio y televisión -- La iglesia del mañana -- Oportunidades para servir. | |
| 526 | _aSEG42 | ||
| 526 | _aSEG41 | ||
| 526 | _aSEG40 | ||
| 526 | _aSEG39 | ||
| 526 | _aP94 | ||
| 526 | _aP87 | ||
| 526 | _aP86 | ||
| 526 | _aP85 | ||
| 526 | _aP77 | ||
| 526 | _aP76 | ||
| 526 | _aP35 | ||
| 650 | 0 | 4 |
_aIglesia Adventista del Séptimo Día _xHistoria. |
| 942 |
_2ddc _cBK _n0 |
||
| 980 |
_81 _gALBERTO SANCHEZ Responsable de Automatización |
||
| 999 |
_c26048 _d26048 |
||